000 00687nam a22002057a 4500
005 20130717152710.0
010 _aB-515941-965
020 _a9788131775592
_c610.00
035 _aB-515941-965
037 _aUBH/Ven
_bdpl
082 _a000
100 _aChowdhury, P.N.Roy
245 _aConceptual approach to the CSAT Paper II /
_cby P.N. Roy Chowdhury
250 _a3rd edn
260 _aNew Delhi
_bPearson
_c2013
270 _a11 Community Centre, Panchsheel Park
_bNew Delhi
_e110017
300 _avarious pages
_bill.
_c23cm(pbk)
942 _2ddc
_cEN
_h000
_mCHO
999 _c77637
_d77637